000 004680000a22001810004500
003 MACL
005 20160129154439.0
008 160129b xxu||||| |||| 00| 0 eng d
040 _aMACL
_cMACL
041 _aEnglish
082 _a800/BRI
100 _aBright, P S
_933222
245 _aHand book of Essays Letters Stories and Dialoguse
260 _bBright Careers Institute
_aNew Delhi
350 _a25
650 _aLiterature
_935553
942 _cBK
_k800/BRI
_2ddc
999 _c32315
_d32315